| 000 | 00635nam a2200241 a 4500 | ||
|---|---|---|---|
| 001 | BRL_172 | ||
| 005 | 20190320210623.0 | ||
| 008 | 800723s1974 sp-a#####b---#000-0#spa-# | ||
| 020 | _a8434574047 | ||
| 040 |
_aDLC _cDLC _dDLC |
||
| 041 | _aspa | ||
| 044 | _asp | ||
| 050 | 4 |
_aGN315 _b.S63 1974 |
|
| 245 | 1 | 0 |
_aLas sociedades primitivas _ctexto José Ramón Llobera. |
| 260 |
_aEspaña _bSalvat _c1974 |
||
| 300 |
_a140 p. _bil. _c20 cm. |
||
| 440 | 0 |
_aBiblioteca salvat de grandes temas _v46 _923111 |
|
| 500 | _aAu201 | ||
| 650 | 1 | 4 |
_aEtnología _923112 |
| 700 | 1 |
_aLlobera, José Ramón _923113 |
|
| 902 | _aGRL | ||
| 942 |
_2lcc _cB |
||
| 999 |
_c8985 _d8985 |
||